| Registos Bibliográficos associados ao registo de autoridade |
|
Etiqueta de registo: 00269nam 2200145 450 001 1671959 003 http://id.bnportugal.gov.pt/bib/catbnp/1671959 100 ## $a20071120d1876 k y0pory01030103ba 101 1# $aita $apor 102 ## $aPT 105 ## $ay z 000yy 106 ## $ar 200 1# $aTagir$bLibreto]$emelodrama em 4 actos$flibreto de E. P. d'Almeida, L. Botelho e F. S. N.$gmusica do Maestro F.S. Noronha 210 #9 $aPorto$cImprensa Portugueza,$d1876 215 ## $a95, [1] p.$d18 cm 300 ## $aNa folha de rosto: 'Executada no Real Theatro de S. João em Março de 1876 [estreia]' 300 ## $aEdição bilingue: texto italiano e tradução portuguesa frente a frente 304 ## $aO libreto, que tem a colaboração do próprio Noronha, é feito sobre a obra de Pinheiro
Chagas, A virgem de Guaraciaba 317 ## $aProv.: Teatro de São Carlos$5PTBN: T.S.C. 1291/2/3 P. 321 ## $aPartes vocais dos solistas e partes instrumentais (apenas da abertura) em BN C.N.
541 327 1# $aOs intérpretes associados à lista dos personagens 500 10 $aTagir$lÓperas 601 02 $aTeatro de São João$j[Libretos]$2SIPOR$31264408 606 ## $aLibretos$2SIPOR$3162053 620 ## $dPorto 675 ## $a78.089.1$vBN$zpor$3506605 675 ## $a82-293$vBN$zpor$3488282 700 #1 $aAlmeida,$bErnesto Pinto de,$f1842-1873$31466 701 #1 $aBotelho,$bLuís,$f1857-?$4070$3285275 702 #1 $aChagas,$bPinheiro,$f1842-1895$4100$344711 702 #1 $aNoronha,$bFrancisco de Sá,$f1820-1881$4230$376137 712 02 $aImprensa Portuguesa$c(Porto)$4610$31024629 712 01 $aPortugal.$bTeatro Nacional de São Carlos$4390$315629 801 #0 $aPT$bBN$gRPC 856 40 $2Cópia digital disponível na HathiTrust Digital Library$uhttps://catalog.hathitrust.org/Record/100523122 966 ## $lBN$mMUSICA$sT.S.C. 1291 P.$x6 966 ## $lBN$mMUSICA$sT.S.C. 1292 P.$x6 966 ## $lBN$mMUSICA$sT.S.C. 1293 P.$x6
Etiqueta de registo: 01036cdm 2200289 450 001 1291908 003 http://id.bnportugal.gov.pt/bib/catbnp/1291908 100 ## $a20041006d1867 k y0pory01030103ba 101 0# $aita 102 ## $aPT 106 ## $ah 200 1# $aArco de S.ta Anna$bMúsica manuscrita]$fF.S. Noronha 210 #1 $d1867 215 ## $a1 partitura (752 p.)$d36 x 28 cm 307 ## $aCadernos e fólios soltos 307 ## $aAlguns fólios rasgados e sujos 307 ## $aAlguns fólios em branco 317 ## $aConservatório Nacional 321 ## $aErnesto Vieira, II:130 500 10 $a O arco de Sant'Ana 606 ## $aÓperas$zSéc. 19$j[Música manuscrita]$2SIPOR$31159337 675 ## $a78.089.6$vBN$zpor$3536969 675 ## $a782$vBN$zpor$3291551 700 #1 $aNoronha,$bFrancisco de Sá,$f1820-1881$376137 702 #1 $aCorreia,$bAntónio,$f1834-1892$4480$3226129 702 #1 $aAlmeida,$bErnesto Pinto de,$f1842-1873$4480$31466 702 #1 $aGarrett,$bAlmeida,$f1799-1854$4100$321170 712 01 $aPortugal.$bConservatório Nacional.$bEscola de Música$4390$31172174 801 #0 $aPT$bBN$gRPC 966 ## $lBN$mMUSICA$sC.N. 203 $x6 997 ## $aBIBEOD
Etiqueta de registo: 01316cam 2200325 450 001 323152 003 http://id.bnportugal.gov.pt/bib/catbnp/323152 005 20020627161400.0 095 ## $aPTBN00339239 100 ## $a19910703d1885 m y0pory0103 ba 101 0# $apor 102 ## $aPT 200 1# $a O sonho de Camões$epoema posthumo$fErnesto Pinto d'Almeida 210 #9 $aPorto$cLivr. Portuense de Lopes & C.a, Sucessores de Clavel & Companhia,$d1885 215 ## $aX, 69 p.$d18 cm 307 ## $aTit. na brochura enquadrado por filetes a verm. , preto e dourado 307 ## $aNas p. 67-69 notas mss. por Henrique Marinho 321 1# $aInocêncio XV 207 321 1# $aJosé do Canto 2373 700 #1 $aAlmeida,$bErnesto Pinto de,$f1842-1873$31466 801 #0 $aPT$bBN$gRPC 856 40 $uhttps://purl.pt/45011 856 41 $uhttps://purl.pt/45011/service/media/cover/low 856 49 $uhttps://purl.pt/45011/service/media/pdf$qapplication/pdf 958 ## $aBND$bLivre$cDigitalizado$d1$ehttps://purl.pt/45011/service/media/cover/max 966 ## $lBN$mRESIMP$nCota antiga N, 35$sCAM. 347 P. 966 ## $lBN$mRESIMP$nCota antiga N, 35 A$sCAM. 348 P. 966 ## $lBN$mRESIMP$pLeilão Silva's, de Abril/2001$sCAM. 1433 P.$x2 995 ## $aCAM500 $d20240529$idfontes 995 ## $aPRR2024 $d20240625$idfontes
Etiqueta de registo: 02052cam 2200469 450 001 1100150 003 http://id.bnportugal.gov.pt/bib/catbnp/1100150 100 ## $a20030213d1868 k y0pory01030103ba 101 1# $apor$aita 102 ## $aPT 105 ## $ay z 000yy 106 ## $ar 200 1# $a O Arco de Sant'Anna$edrama lyrico em quatro actos$d L' Arco di Sant'Anna$edrama lirico in quattro atti$fpoesia de A. Correia e E. P. Almeida$gmuzica de F. S. Noronha$gtraduzione libera di N. N.$zita 210 #9 $aLisboa$cTyp. de Costa Sanches,$d1868 215 ## $a38, [2], 33 p.$d19 cm 225 2# $aGaleria lyrica$ecollecção de librettos de operas italianas.$hSerie 3$v14 300 ## $aPersonagens: D. Pedro I, Anninhas, Guiomar, Vasco, D. Affonso, Guterres, Pedro Cão,
Fr. João D'Arrifana, Garcia Vaz, Rui Vaz 304 ## $aEd. bilingue em português e italiano 317 ## $aTeatro Nacional de São Carlos$5PTBN: T.S.C. 1465 P.-T.S.C. 1469 P. 317 ## $aConservatório Nacional$5PTBN: C.N. 774 P.-C.N. 775 P. 500 11 $a O arco de Sant'Ana.$nLibreto 510 1# $a L' Arco di Sant'Anna$edrama lirico in quattro atti$zita 518 1# $a O arco de Santana 601 02 $aTeatro de São Carlos$j[Libretos]$2SIPOR$31264404 606 ## $aÓperas$j[Libretos]$2SIPOR$31158641 675 ## $a78.089.1$vBN$zpor$3506605 675 ## $a82-293$vBN$zpor$3488282 700 #1 $aCorreia,$bAntónio,$f1834-1892$3226129 701 #1 $aAlmeida,$bErnesto Pinto de,$f1842-1873$4070$31466 701 #1 $aNoronha,$bFrancisco de Sá,$f1820-1881$4230$376137 712 02 $aTipografia de Costa Sanches$c(Lisboa)$4610$31290550 712 01 $aPortugal.$bTeatro Nacional de São Carlos$4390$315629 712 01 $aPortugal.$bConservatório Nacional.$bEscola de Música$4390$31172174 801 #0 $aPT$bBN$gRPC 856 40 $uhttps://purl.pt/90 856 41 $uhttps://purl.pt/90/service/media/cover/low 856 49 $uhttps://purl.pt/90/service/media/pdf$qapplication/pdf 958 ## $aBND$bLivre$cDigitalizado$d1$ehttps://purl.pt/90/service/media/cover/max 966 ## $lBN$mFGMON$sL. 2163//3 A. $x7 966 ## $lBN$mMUSICA$pConservatório Nacional$sC.N. 774 P. $x7 966 ## $lBN$mMUSICA$pConservatório Nacional$sC.N. 775 P. $x7 966 ## $lBN$mMUSICA$sM. 1107 P.$x7 966 ## $lBN$mMUSICA$nDigitalizado em: PURL 90$sT.S.C. 1465 P. 966 ## $lBN$mMUSICA$sT.S.C. 1466 P.$x6 966 ## $lBN$mMUSICA$sT.S.C. 1467 P.$x6 966 ## $lBN$mMUSICA$sT.S.C. 1468 P.$x6 966 ## $lBN$mMUSICA$sT.S.C. 1469 P.$x6 976 ## $d20260422$rjamaral
Etiqueta de registo: 00468cam 2200181 450 001 918037 003 http://id.bnportugal.gov.pt/bib/catbnp/918037 005 19990610000000.0 095 ## $aPTBN00932102 100 ## $a19971114d1865 m y0pory0103 ba 101 0# $apor 102 ## $aPT 106 ## $ar 200 1# $aSolidões$fErnesto Pinto d'Almeida 210 #9 $aPorto$cTyp. do Jornal do Porto,$d1865 215 ## $a1 v.$d8º 700 #1 $aAlmeida,$bErnesto Pinto de,$f1842-1873$31466 801 #0 $aPT$bBN$gRPC 966 ## $lBN$mFGMON$sL. 1968 V. 997 ## $aBIBEOD
Etiqueta de registo: 00468cam 2200181 450 001 918036 003 http://id.bnportugal.gov.pt/bib/catbnp/918036 005 19990610000000.0 095 ## $aPTBN00932100 100 ## $a19971114d1868 m y0pory0103 ba 101 0# $apor 102 ## $aPT 106 ## $ar 200 1# $aNarrativas poeticas$fErnesto Pinto d'Almeida 210 #9 $aPorto$cTyp. Lusitana,$d1868 215 ## $a1 v.$d8º 700 #1 $aAlmeida,$bErnesto Pinto de,$f1842-1873$31466 801 #0 $aPT$bBN$gRPC 966 ## $lBN$mFGMON$sL. 1967 V. 997 ## $aBIBEOD
|
|
|